Photoshop for right-brainers : The art of photo manipulation
Are you an artist or photographer who views Photoshop as a tool for creative expression rather than a piece of software? Then you'll embrace Photoshop master Al Ward's original approach to the art of photo manipulation. Photoshop for Right-Brainers 2nd Edition is an update to Al Ward'...
Guardado en:
| Autor principal: | |
|---|---|
| Formato: | Libro |
| Lenguaje: | Undetermined |
| Publicado: |
Hoboken
Wiley
2006
|
| Materias: | |
| Etiquetas: |
Agregar Etiqueta
Sin Etiquetas, Sea el primero en etiquetar este registro!
|
| Thư viện lưu trữ: | Trung tâm Học liệu Trường Đại học Cần Thơ |
|---|
| LEADER | 01249nam a2200229Ia 4500 | ||
|---|---|---|---|
| 001 | CTU_100527 | ||
| 008 | 210402s9999 xx 000 0 und d | ||
| 020 | |c 639000 | ||
| 082 | |a 005.3 | ||
| 082 | |b W256 | ||
| 100 | |a Ward, Al | ||
| 245 | 0 | |a Photoshop for right-brainers : | |
| 245 | 4 | |b The art of photo manipulation | |
| 245 | 0 | |c Al Ward | |
| 260 | |a Hoboken | ||
| 260 | |b Wiley | ||
| 260 | |c 2006 | ||
| 520 | |a Are you an artist or photographer who views Photoshop as a tool for creative expression rather than a piece of software? Then you'll embrace Photoshop master Al Ward's original approach to the art of photo manipulation. Photoshop for Right-Brainers 2nd Edition is an update to Al Ward's unique guide, with new projects, new images, and a new lower price. It goes beyond cookie-cutter techniques and teaches you how to harness Photoshop's powerful features to make your own original work. The CD contains 400-plus Photoshop Actions, a value-add that helps you cut tedious tasks out of your workflow, freeing up time for more right-brain work. | ||
| 650 | |a Adobe photoshop,Computer graphics | ||
| 904 | |i Giang | ||
| 910 | |a Sách kèm theo đĩa số: AV.000479 | ||
| 980 | |a Trung tâm Học liệu Trường Đại học Cần Thơ | ||